Statistics for US History

Click here to take the quiz!

General Stats

  • This quiz has been taken 3,870 times
    (1,715 since last reset)
  • The average score is 10 of 20

Answer Stats

Hint Answer % Correct
In The War of ____, Washington DC was Nearly Completely Burnt Down by the British1812
85%
What year did the rebellion against Britain start?1775
77%
Won the 2012 Presidential ElectionBarack Obama
77%
Who won the 1800 Presidential Election?Thomas Jefferson
72%
George Washington crossed what river to attack the Hessians in Trenton?Delaware River
67%
He Wrote The National AnthemFrancis Scott Key
64%
On October 29,1929 what event occured?Stock Market Crashed
63%
Who led the "Rough Riders" up San Juan hill in The Spanish-American War?Theodore Roosevelt
59%
What year did Prohibition start?1920
57%
What year did the Cold War begin?1945
52%
On April 4,1968, who was assassinated?Martin Luther King Jr.
52%
In 1991, America entered what Conflict/War?Gulf War
51%
The __________ flu Pandemic killed about 675,000 AmericansSpanish
51%
"The Forgotten War"Korean War
49%
The World Trade Center suffered from terrorist attacks by what group?Al qaeda
46%
What general led the Americans in WWI?John Pershing
21%
What year was The Statue of Liberty dedicated to the USA from the French?1886
20%
On D-day, what two beaches did the USA storm?Omaha,Utah
18%
What battle took place on November 30, 1864?Battle of Franklin
6%
A Document by Elizabeth Stanton Demanding Women's Right to VoteDeclaration of Sentiments
5%

Score Distribution

Percentile by Number Answered

Percent of People with Each Score

Your Score History

You have not taken this quiz since the last reset